| 000 | 00809nam a2200229 i 4500 | ||
|---|---|---|---|
| 001 | 142904 | ||
| 003 | ES-MaACL | ||
| 005 | 20250303062545.0 | ||
| 007 | t| | ||
| 008 | 071010s1939 sp a |||| |dspa d | ||
| 080 | _a929 Franco Bahamonde, Francisco | ||
| 080 | _a929 Pardo Bazán, Emilia. Condesa de | ||
| 100 | 1 |
_aVidal Rodríguez, Rafael. _9114514 |
|
| 245 | 1 | 0 |
_aTorres de Meirás _b: vida de trabajo de la Condesa de Pardo Bazán y el Caudillo / _cRafael Vidal Rodríguez. |
| 260 |
_aSantiago de Compostela : _b[s.n.], _c1939 ( _fImp. La Ibérica) |
||
| 300 |
_a140 p. : _bil. ; _c18 cm. |
||
| 600 | 1 | 4 |
_aPardo Bazán, Emilia, _cCondesa de, _d1851-1921 _9176434 |
| 600 | 1 | 4 |
_aFranco Bahamonde, Francisco, _d1892-1975 _952240 |
| 852 |
_aES-MaACL _j1828-F-5 |
||
| 942 | _2udc | ||
| 999 |
_c142904 _d142904 |
||